UBT Library

CYBERCTIME (Record no. 12320)

000 -LEADER
fixed length control field 00279nam a22001337a 4500
008 - FIXED-LENGTH DATA ELEMENTS--GENERAL INFORMATION
fixed length control field 170502b xxu||||| |||| 00| 0 eng d
020 ## - INTERNATIONAL STANDARD BOOK NUMBER
International Standard Book Number 9781593453039
041 ## - LANGUAGE CODE
Language code of text/sound track or separate title eng
080 ## - UNIVERSAL DECIMAL CLASSIFICATION NUMBER
Universal Decimal Classification number 343.9
100 ## - Rafti
Rafti 13
101 ## - Shkurtesa
Shkurtesa SHJ
245 ## - TITLE STATEMENT
Title CYBERCTIME
Statement of responsibility, etc MOORE.R
942 ## - ADDED ENTRY ELEMENTS (KOHA)
Source of classification or shelving scheme
Item type Books
Holdings
Withdrawn status Lost status Source of classification or shelving scheme Damaged status Not for loan Collection code Permanent location Current location Shelving location Date acquired Total Checkouts Full call number Barcode Date last seen Price effective from Koha item type
          Koleksioni i përgjithshem UBT - Lipjan UBT - Lipjan Koleksioni i përgjithshem 05/02/2017   343.9 MOO 002-282996 05/02/2017 05/02/2017 Books
UBT Library © 2015-2024. All rights reserved University Education for Business and Technology